000 00847nam a2200265Ia 4500
003 OSt
005 20220930093740.0
006 a|||||r|||| 00| 0
007 ta
008 220926b |||||||| |||| 00| 0 eng d
024 _a56998
037 _cTheses
040 _aCRL
_cCRL
_beng
041 _2eng
_aeng
100 _aMukesh kumar Au.
_9545517
110 _aUniversity of Delhi. Faculty of Science. Departmet of Chemistry
_9553155
245 0 _aSynthesis of metal alloy and metal oxide nanoparticles for novel catalytic applications
260 _c2018
300 _a158p.
_ap.
_ccm.
650 _aChemistry
700 _a Dr. Sasanka Deka Gu.
_9550088
700 _aUniversity of Delhi. Faculty of Science. Departmet of Chemistry
_9553156
942 _cDIS
_2CC
999 _c885915
_d885915